Advent und Weihnachten mit Kindern Basteln, Spielen, Backen, Singen

Bibliographic Details
Main Authors: Latorre, Sabine (Author), Senger, Karin (Author)
Format: Book
Language:German
PhysicalDescription:111 s., [1] voľ. príl. 27 cm
Published: [Niedernhausen/Ts.] Falken c1999
ISBN:380687347X
Subjects:

MARC

LEADER 00000nam a2200000 a 4500
001 vtls001401588
003 SK-MaSNL
005 20260301120103.0
008 251124s1999 DE a r 0 ger
020 |a 380687347X 
035 |a SNK000356096 
035 |a urn:nbn:sk:snk-amltui 
035 |a urn:nbn:sk:snk-am00cclq 
035 |a C3B99730-12F6-440A-AC36-DD2908A85D3B 
040 |a SNK  |b slo  |c SNK  |e AACR2 
041 0 |a ger 
044 |a DE 
080 |a 398.332.41(084.12)  |2 2. slo 
100 1 |a Latorre, Sabine  |4 aut  |9 299247 
245 1 0 |a Advent und Weihnachten mit Kindern  |b Basteln, Spielen, Backen, Singen  |c Sabine Latorre, Karin Senger 
260 |a [Niedernhausen/Ts.]  |b Falken  |c c1999  |e [Martin  |f Neografia] 
300 |a 111 s., [1] voľ. príl.  |c 27 cm 
650 0 7 |a Vianoce  |x advent  |x ozdoby  |x príručky pre deti  |2 SNK  |9 462100 
650 0 7 |a vianočné ozdoby  |x príručky pre deti  |2 SNK  |9 65712 
700 1 |a Senger, Karin  |4 aut  |9 299249 
919 |a 3-8068-7347-X 
999 |c 724613  |d 726543 
952 |t P60, <03>, [BOOK], {603}  |a SNK  |b SNK  |y PREZ  |7 0  |p 17A0261131  |o snkSB 62655  |i snkKSP 12685/2000  |0 0  |1 0  |4 0  |d 2000-12-06  |f 1  |l 0  |r 2025-04-14 00:00:00  |w 2026-02-23 
952 |t Príloha: 1 voľ. list  |a SNK  |b SNK  |y PREZ  |7 0  |p 17A1053621  |o snkSB 62655/príl.  |i snk2000/12685  |3 Príloha: 1 voľ. list  |0 0  |1 0  |4 0  |d 2013-01-24  |l 0  |r 2025-04-14 00:00:00  |w 2026-02-23